Dwikomando rakjat untuk pengganjangan "Malaysia." (Record no. 60595)

MARC details
000 -LEADER
fixed length control field 00730cam a22002171 4500
001 - CONTROL NUMBER
control field sa 64007929
003 - CONTROL NUMBER IDENTIFIER
control field DLC
005 - DATE AND TIME OF LATEST TRANSACTION
control field 20260227112051.0
008 - FIXED-LENGTH DATA ELEMENTS--GENERAL INFORMATION
fixed length control field 860206s1964 io c 000 0 ind
010 ## - LIBRARY OF CONGRESS CONTROL NUMBER
LC control number sa 64007929
025 ## - OVERSEAS ACQUISITION NUMBER
Overseas acquisition number PL480:Indo-772
035 ## - SYSTEM CONTROL NUMBER
System control number (OCoLC)13116058
040 ## - CATALOGING SOURCE
Original cataloging agency DLC
Transcribing agency KyU
Modifying agency KyU
-- DLC
042 ## - AUTHENTICATION CODE
Authentication code premarc
050 00 - LIBRARY OF CONGRESS CALL NUMBER
Classification number DS644.2.1964
Item number .S83
100 0# - MAIN ENTRY--PERSONAL NAME
Personal name Soekarno,
Dates associated with a name 1901-1970.
245 10 - TITLE STATEMENT
Title Dwikomando rakjat untuk pengganjangan "Malaysia."
Remainder of title Amanat pada appel-besar sukarelawan pengganjangan "Malaysia" pada tanggal 3 Mei 1964 didepan Istana Merdeka Djakarta.
260 ## - PUBLICATION, DISTRIBUTION, ETC.
Place of publication, distribution, etc. [Djakarta]
Name of publisher, distributor, etc. Departemen Penerangan
Date of publication, distribution, etc. [cover 1964]
300 ## - PHYSICAL DESCRIPTION
Extent 27 p.
Other physical details port.
Dimensions 21 cm.
500 ## - GENERAL NOTE
General note "Penerbitan chusus, 314."

No items available.

Powered by Koha